| 000 | 00855nam a2200265Ia 4500 | ||
|---|---|---|---|
| 003 | OSt | ||
| 005 | 20220927110341.0 | ||
| 006 | a|||||r|||| 00| 0 | ||
| 007 | ta | ||
| 008 | 220926b |||||||| |||| 00| 0 eng d | ||
| 024 | _a63301 | ||
| 037 | _cReports | ||
| 040 |
_aRTL _cRTL _beng |
||
| 041 |
_2eng _aeng |
||
| 082 | _a"X5:9582.235.N6t, K0/GD" | ||
| 110 |
_a"India, Provident Fund Scheme (Committee on)" _9376418 |
||
| 111 |
_a"India, Provident Fund Scheme (Committee on), Chairman , A R Bhat (1960 : )" _9376419 |
||
| 245 | 0 | _aReprot for shops and establishments | |
| 260 |
_aNew _bDelhi M O P _c1960 |
||
| 300 |
_a80p. _ccm. |
||
| 650 |
_aCommerce _9353036 |
||
| 700 |
_a"India, Provident Fund Scheme (Committee on)" _9376420 |
||
| 942 |
_h"X5:9582.235.N6t, K0/GD" _cCC |
||
| 999 |
_c695674 _d695674 |
||